000 00587nam a2200205 u 4500
005 20240228063715.0
008 130128s2006 cl r 000 0 spa d
020 _a9589760279
035 _aUPN01000189329
049 _aI
050 4 _aPZ75
_bB6.3
100 1 _aBolaños, María Paula
_933888
245 1 0 _aCamila /
_chistoria e ilustraciones María Paula Bolaños.
260 _aBogotá :
_bBabel,
_c2006.
300 _a[25] p. :
_bil. col.
650 0 _aCuentos infantiles colombianos
_94407
650 4 _aRelaciones de familia
_96077
905 _aInfantil
999 _c161432
_d161432